00300nam a2200097Ia 4500008004100000041000800041100002800049245006900077260003700146999001900183241105s9999 xx 000 0 und d aeng aBhandari Nikita9182611 aInstitute Of Hotel Management And Catering Panchgani Maharashtra bFinal Year B.Arch ID, Punec2014 c360902d360902